00845nam a2200217Ia 4500003000900000008004100009020001600050040001600066080002100082100002500103245011900128260003300247300001600280500010300296650003300399650001900432700002900451942000700480999001500487952012500502IN-BaIIA211028s9999 xx 000 0 eng d a12-303601-1 cIIA Library a621.3.029.6bGRI aGrivet, Pierre96417 4aThe physics of transmission lines at high and very high frequenciesbvol. 1cP. Grivet; translated by P. W. Hawkes aLondonbAcademic Pressc1970 axiii, 453p. aTranslation of 'Physique des lignes de haute fréquence et d'ultra-haute fréquence' from French aElectrical engineering91774 aNASA thesaurus aHawkes, P. W., tr.96418 cBK c3618d3618 00104070aBANbBANcGENd1970-11-11g121.50l0o621.3.029.6/ GRIp4040r2021-11-05v121.50w1970-11-11yBKGRs. 121.50